Mine ventilation and air conditioning
Salvato in:
| Autori principali: | , , , |
|---|---|
| Natura: | Libro |
| Lingua: | inglese |
| Pubblicazione: |
Nueva York
John Wiley and Sons
1997
|
| Edizione: | 3a. ed |
| Soggetti: | |
| Tags: |
Aggiungi Tag
Nessun Tag, puoi essere il primo ad aggiungerne!!
|
MARC
| LEADER | 00000cam a2200000 a 4500 | ||
|---|---|---|---|
| 001 | UCE7720 | ||
| 003 | CL-VaPUC | ||
| 008 | 150703e19970000us |||||||||||||||||eng|d | ||
| 020 | |a 9780471116356 | ||
| 082 | 0 | 4 | |a 622.42 |b HAR |2 21 |
| 100 | |a Hartman, Howard L |e author |9 580401 | ||
| 700 | 0 | |a Mutmansky, Jan M |e author |9 580402 | |
| 700 | 0 | |a Ramani, Raja V |e author |9 580403 | |
| 700 | 0 | |a Wang, Y. J |e author |9 580404 | |
| 245 | 1 | 0 | |a Mine ventilation and air conditioning |
| 250 | |a 3a. ed | ||
| 300 | |a 730 p | ||
| 942 | |c BK | ||
| 945 | |d 20150703 10:05:00 |a dcastane | ||
| 260 | |a Nueva York |b John Wiley and Sons |c 1997 | ||
| 650 | 0 | |a Industria minera |9 260256 | |
| 650 | 0 | |a Aire acondicionado |9 259344 | |
| 650 | 7 | |a INGENIERIA DE MINAS |2 CL-VaPUC |9 580405 | |
| 583 | |a last modification |c 20150703 10:05:00 |k Rodrigo Vera | ||
| 999 | |c 359755 |d 359753 | ||
| 952 | |0 0 |1 0 |3 erd |4 0 |6 622_420000000000000_HAR_1997 |7 0 |8 A |9 469290 |a BIBING |b BIBING |i 5168961 |o 622.42 HAR 1997 |p 5168961 |r 2025-01-20 |w 2019-11-23 |y BK |z Catalogado en:20150703 |k EIQ | ||
| 952 | |0 0 |1 0 |3 erd |4 0 |6 622_420000000000000_HAR_1997 |7 0 |8 A |9 469291 |a BIBING |b BIBING |i 516897K |o 622.42 HAR 1997 |p 516897K |r 2025-01-20 |w 2019-11-23 |y BK |z Catalogado en:20150703 |k EIQ | ||
| 952 | |0 0 |1 0 |3 erd |4 0 |6 622_420000000000000_HAR_1997 |7 0 |8 A |9 469292 |a BIBING |b BIBING |i 5168988 |o 622.42 HAR 1997 |p 5168988 |r 2025-01-20 |w 2019-11-23 |y BK |z Catalogado en:20150703 |k EIQ | ||
| 952 | |0 0 |1 0 |3 erd |4 0 |6 622_420000000000000_HAR_1997 |7 0 |8 A |9 469293 |a BIBING |b BIBING |i 5168996 |o 622.42 HAR 1997 |p 5168996 |r 2025-01-20 |w 2019-11-23 |y BK |z Catalogado en:20150703 |k EIQ | ||
| 952 | |0 0 |1 0 |3 erd |4 0 |6 622_420000000000000_HAR_1997 |7 0 |8 A |9 469294 |a BIBING |b BIBING |i 5169003 |l 1 |o 622.42 HAR 1997 |p 5169003 |r 2025-01-20 |s 2022-06-14 |w 2019-11-23 |y BK |z Catalogado en:20150703 |k EIQ | ||